| 000 | 00647nam a2200145Ia 4500 | ||
|---|---|---|---|
| 008 | 260210s9999 xx 000 0 und d | ||
| 024 | _a08B-134-EE, 07A-107-EE, 07B-154-EE & 08B-136-EE | ||
| 082 | _a621.395072 MOH | ||
| 100 | _aSyed Mohsin Ul Haq Haqqi, Zill Ur Rehman, Muhammad Waqar Tahir & Hafiz Muhammad Waqas Tahir | ||
| 245 | 0 | _aExamination Attendance and Monitoring System using RFID Technology | |
| 260 |
_aKarachi: _bUITU, _c2008 |
||
| 600 | _aElectronic Engineering | ||
| 650 | _aBachelor of Engineering (BE) | ||
| 856 |
_uhttps://drive.google.com/file/d/1GLubi9zGPZpmecSLmc44zzpJ9Cra2RhO/view?usp=sharing _yClick Here for PDF |
||
| 999 |
_c33011 _d33011 |
||